| 000 | 01241nam a22002537a 4500 | ||
|---|---|---|---|
| 005 | 20170124103107.0 | ||
| 010 | _aB-237875 | ||
| 020 |
_c350.00 _a9788190481922 |
||
| 035 | _aB-237875 | ||
| 037 | _bCen Lib/Ret | ||
| 040 |
_aDPL _bHN |
||
| 082 |
_a070 _bदीक्षित |
||
| 100 |
_aदीक्षित, सूर्यप्रसाद _942819 |
||
| 245 |
_aजनसंचार : _cसूर्यप्रसाद दीक्षित _bप्रकृति और परम्परा / |
||
| 246 |
_aJan sanchar : prakriti aur parampara / _bby Suryaprasad Dikshit |
||
| 260 |
_aदिल्ली _bट्राईडेंट पब्लिशर्स _c2007 |
||
| 270 |
_a1362, सैकेंड फ्लोर, निकट इंडियन बैंक, कश्मीरी गेट _bदिल्ली _e110006 |
||
| 300 |
_a280पृ. _c20सेमी(सजिल्द) |
||
| 650 |
_aहिन्दी -- जनसंचार _978626 |
||
| 650 |
_aहिन्दी -- जनसंचार के प्रकार _946281 |
||
| 650 |
_aHindi -- Mass Communication _978627 |
||
| 650 |
_aHindi -- Mass Type _978628 |
||
| 942 |
_2ddc _cHN _h070 _mदीक्षित |
||
| 999 |
_c118160 _d118160 |
||